|
|
|
|
| LEADER |
01577nam a2200349 i 4500 |
| 001 |
31574 |
| 003 |
BD-DhAAL |
| 005 |
20211125115135.0 |
| 008 |
170209s2016 enk bl 001 0 eng d |
| 999 |
|
|
|c 37961
|d 37961
|
| 010 |
|
|
|a 2016935803
|
| 020 |
|
|
|a 9781785366550 (cased)
|
| 020 |
|
|
|a 1785366556
|
| 020 |
|
|
|a 1785366572 (paperback)
|
| 020 |
|
|
|a 9781785366574 (paperback)
|
| 020 |
|
|
|z 9781785366567 (eBook)
|
| 040 |
|
|
|a YDXCP
|b eng
|e rda
|c YDXCP
|d BTCTA
|d YDX
|d OCLCO
|d CDX
|d DLC
|d BD-DhAAL
|
| 050 |
0 |
0 |
|a KZ3410
|b .E829 2016
|
| 082 |
0 |
4 |
|a 341.026
|2 23
|
| 245 |
0 |
0 |
|a Essential texts in international law /
|c Stefan Talmon, Director of the Institute for Public International Law, University of Bonn, Germany and Supernumerary Fellow, St. Anne's College, Oxford, UK.
|
| 260 |
|
|
|a Cheltenham, UK :
|b Edward Elgar Publishing,
|c 2016
|
| 300 |
|
|
|a xii, 631 pages ;
|c 22 cm
|
| 504 |
|
|
|a Includes bibliographical references and indexes.
|
| 526 |
|
|
|a SOL
|
| 541 |
|
|
|e 31574, 31575
|
| 650 |
|
0 |
|a International law.
|9 20991
|
| 650 |
|
0 |
|a Law.
|9 43156
|
| 700 |
1 |
|
|a Talmon, Stefan,
|e editor.
|9 20992
|
| 852 |
|
|
|a Ayesha Abed Library
|c General Stacks
|
| 942 |
|
|
|2 ddc
|c BK
|
| 952 |
|
|
|0 0
|1 0
|2 ddc
|4 0
|6 341_026000000000000_ESS
|7 0
|9 59987
|a BRACUL
|b BRACUL
|c GEN
|d 2017-01-02
|e Karim International
|g 1770.00
|l 2
|m 4
|o 341.026 ESS
|p 3010031575
|r 2024-10-22
|s 2024-10-01
|t 2
|v 1770.00
|w 2017-01-02
|y BK
|
| 952 |
|
|
|0 0
|1 0
|2 ddc
|4 0
|6 341_026000000000000_ESS
|7 0
|9 59988
|a BRACUL
|b BRACUL
|c GEN
|d 2017-01-02
|e Karim International
|g 1770.00
|l 4
|m 18
|o 341.026 ESS
|p 3010031574
|r 2026-01-27
|s 2025-10-05
|t 1
|v 1770.00
|w 2017-01-02
|y BK
|